000 00455nam a2200169 i 4500
001 bgj
100 1 _aFORSYTH, Frederick
_d(1938- ).
245 1 0 _aThe Odessa File /
_cFrederick Forsyth.
260 _aNew York :
_bViking Press,
_c1972.
300 _aIX, [2], 337 pp ;
_c22 cm.
650 9 _aFiction in English
_xTexts
_y1945-
650 9 _aEnglish fiction
040 _cBPK
041 0 _aeng
942 _cKS
008 s uk f |000 0 eng
999 _c48563
_d48563
856 _uhttp://koha.tu.koszalin.pl/cgi-bin/koha/opac-detail.pl?biblionumber=48563
_yKatalog online BPK